| 000 | | | 05439cam2a2200000#x 450 |
| 001 | | | d9a14da64fd9463ba34babad43e0e06d |
| 005 | | | 20220414152232.0 |
| 100 | ## | $a | 20130916l17061709k y0rusy0189 ca |
| 101 | 0# | $a | rus |
| 102 | ## | $a | RU |
| 251 | ## | $c | Дело |
| 225 | 0# | $a | Основной русский фонд НСБ |
| | $h | Опись № 1 |
| 300 | ## | $a | Печатное издание, в переплете |
| 300 | ## | $a | Выходные данные: СПб, 1854 |
| 300 | ## | $a | Информация из электронного каталога НСБ ФГУ РГИА |
| 324 | ## | $a | Книга |
| 801 | #0 | $a | RU |
| | $b | РГИА |
| | $c | 20130916 |
| 801 | #1 | $a | RU |
| | $b | ГлавНИВЦ |
| | $c | 20130916 |
| | $2 | rusmarc |
| 801 | #2 | $a | RU |
| | $b | ПБ им. Б.Н. Ельцина |
| | $c | 20130918 |
| | $g | RCR |
| | $2 | rusmarc |
| 850 | ## | $a | Федеральное казенное учреждение "Российский государственный исторический архив" |
| 852 | ## | $a | РГИА |
| | $j | 69719 |
| 937 | ## | $a | ASBIBLIO_SCAN |
| | $b | РГИА_1:Б_1:_69719: |
| | $d | 1693604 |
| | $h | РГИА |
| 200 | 1# | $a | Камер-фурьерский церемониальный журнал. Походный журнал 1706, 1707, 1708 и 1709 годов |
| | $j | 1706, 1707, 1708, 1709 года |
| 215 | ## | $a | 20, 14, 34, 26 листов |
| 035 | ## | $a | d9a14da64fd9463ba34babad43e0e06d |
| 122 | 1# | $a | d1706###### |
| | $a | d1707###### |
| | $a | d1708###### |
| | $a | d1709###### |
| 461 | #0 | $1 | 00117e61f42-a6e8-4708-ad7c-e53166a52bec |
| | $1 | 2001 |
| | $a | Основной русский фонд НСБ РГИА |
| | $1 | 251 |
| | $c | Фонд |
| | $1 | 852 |
| | $j | 1 Б |
| 462 | #0 | $1 | 00140c701d6-ea2f-4cb4-a574-fe54fae25a8c |
| | $1 | 2000 |
| | $a | Оп. 1 |
| | $v | Д. 69719 |
| | $1 | 251 |
| | $c | Опись |
| | $1 | 852 |
| | $j | 1 |
| 686 | ## | $a | 63.3(2)511-8Петр Iю14 |
| | $2 | rubbk |
| | $v | LBC/M |
| 686 | ## | $a | 63.3(2)511-3ю14 |
| | $2 | rubbk |
| | $v | LBC/M |
| 605 | ## | $2 | acquisition_Prlib |
| | $3 | DITM\AF\0000002775 |
| | $a | Власть |
| | $l | коллекция |
| 605 | ## | $2 | acquisition_Prlib |
| | $3 | LIBNET\UAF\0000008152 |
| | $a | Дом Романовых |
| | $l | коллекция |
| 605 | ## | $2 | acquisition_Prlib |
| | $3 | LIBNET\UAF\0000099837 |
| | $a | Петр I (1672–1725) |
| | $l | коллекция |
| 600 | #0 | $a | Петр |
| | $c | император российский |
| | $d | I |
| | $f | 1672 – 1725 |
| | $j | Архивные дела |
| | $2 | nlr_sh |
| | $3 | RU\NLR\AUTH\66180638 |
| 601 | 12 | $2 | nlr_sh |
| | $3 | RU\NLR\AUTH\6601701064 |
| | $a | Великое посольство России в Западную Европу |
| | $f | 1697 - 1698 |
| | $j | Архивные дела |